000 00327nam a22001457a 4500
008 230206b ||||| |||| 00| 0 eng d
020 _a978047053067
041 _aeng
080 _2THIRD EDITION
_a338
082 _a338POW
100 _a21
101 _aMANAG
245 _aMANAGEMENT SCIENCE
_cPOWELL G S
942 _2udc
_cBK
999 _c59306
_d59306